000 00442nam a2200157 i 4500
001 52306
003 ES-MaACL
005 20230906162547.0
007 t|
008 030827s1973 sp ||||1| spa d
100 1 _aChurruca, Alonso.
_938712
245 1 0 _aFrendo
_b: ensayo sobre una lengua universal /
_cAlonso Churruca.
260 _aTarrega :
_bCamps Calmet,
_c1973.
300 _a136 p. ;
_c22 cm.
852 _aES-MaACL
_jC-56099
_bR.88823
999 _c52306
_d52306